=LDR 00000nam 2200000 4500 =001 INLIS000000000016234 =005 20130612111513 =008 ***********************************Ind** =035 ##$$0010-061300000016234 =041 ##$$a Ind =082 ##$$a 624.15 =090 ##$$a 624.15, Sud m =100 ##$$a Sudarmono, G. Jatmiko =245 ##$$a Mekanika tanah, G. Jatmiko Sudarmono, S.J. ; Edy Purnomo =260 ##$$a 1997 $b Yogyakarta =300 ##$$a ...jil., ilus., 21 cm =850 ##$$a NBPNMAT